| 000 | 00616nam a22001937a 4500 | ||
|---|---|---|---|
| 005 | 20130902153409.0 | ||
| 010 | _aENG-108400 | ||
| 020 |
_c795.00 _a9788120347656 |
||
| 035 | _aEN-91933 | ||
| 037 | _bDBAD/PUB | ||
| 082 | _a005.44769 | ||
| 100 | _aTulloch, Mitch | ||
| 245 | 0 | 0 |
_aTraining guide : _cby Mitch Tulloch _binstalling and configuring windows server 2012 / |
| 260 |
_aDelhi _bPHI Learning _c2013 |
||
| 270 |
_aRimjhim house,111, Patparganj Industrial Estate _bDelhi _e110092 |
||
| 300 |
_axxii,609p. : _c24cm(pbk) _bill. |
||
| 500 | _aIncludes index | ||
| 942 |
_2ddc _cEN _mTUL _h005.44769 |
||
| 999 |
_c78899 _d78899 |
||